| 000 | 00755cam a22002531 4500 | ||
|---|---|---|---|
| 001 | sa 68008149 | ||
| 003 | DLC | ||
| 005 | 20260227112529.0 | ||
| 008 | 941027s1966 ii c b 000 0 gujo | ||
| 010 | _asa 68008149 | ||
| 025 | _aPL480:I-Gu-813 | ||
| 035 | _a(OCoLC)31368347 | ||
| 040 |
_aDLC _cCU _dCU _dDLC |
||
| 042 | _apremarc | ||
| 050 | 0 | 0 |
_aPK1851 _b.N3 |
| 245 | 0 | 0 | _aNaḍiyādanī sākshara tripuṭīnī smr̥timāṃ. |
| 260 | _c[1967 i.e. 1966] | ||
| 300 |
_a6, 368 p. _bports. _c19 cm. |
||
| 500 | _aIn Gujarati. | ||
| 504 | _aBibliographical footnotes. | ||
| 600 | 1 | 0 |
_aTripathi, Govardhanarama Madhavarama, _d1855-1907. |
| 600 | 2 | 0 | _aDvivedi, Manilal Nabhubhai. |
| 600 | 1 | 0 |
_aKanthāriyā, Bālāśaṅkara Ullāsarāma, _d1858-1898. |
| 999 |
_c82272 _d82272 |
||